000 01727cab a2200289 4500
001 X2384
008 090401t1995 xxu||||| |||| 00| 0 eng d
035 _a(Sirsi) u23828
041 _aeng
245 _aTrafford MBC`s application
260 _c1995
350 _a0
490 _aPlanning Appeal Decisions
_v(1995) 10 PAD 347-355(9)
520 _aDecision letter 5 December 1994. Listed building consent - demolition of superstructure of public HAll - retaining parts for landscaped feature in a park - possible designation as conservation area - Unitary Development Plan - Royal Commission on Historic Monuments - purpose if inquiry - purpose of designation - need to recognise building`s condition at time of listing - notice cannot require works to improve condition of building as at time of listing - curtilage and setting of listed building - condition of interior - extent of Hall`s historic interest - campaign to secure listed status - Ombudsman - district auditor - temporary supports in building - graet cost even of restoration to severely derelict building - eyesore - better demolished -no grant aid - little prospects or practicability of new use for hall - consulation with public.
650 _aCONSERVATION AREAS
650 _aDOE CIRCULAR 8/87
650 _aPLANNING (LISTED BUILDINGS AND CONSERVATION AREAS) ACT 1990 S46
650 _aPPG15
650 _aPUBLIC HALL
650 _aROYAL COMMISSION ON HISTORIC MONUMENTS
650 _aTOWN AND COUNTRY PLANNING (INQUIRIES PROCEDURE) RULES 1992
650 _aUNITARY DEVELOPMENT PLAN
650 _aTOWN AND COUNTRY PLANNING (USE CLASSES) ORDER 1987
690 _aPLANNING LAW AND PRACTICE-CASE LAW
942 _n0
948 _c04/03/1997
999 _c15953
_d15953